000 00769nam a2200229Ia 4500
003 GCL
005 20240530095422.0
008 140319s9999 xx 000 0 ara d
020 _a8488059960
040 _aGCL /
_cGCL
082 0 4 _a599
_bا ت
100 1 _aاوستن ، س. ر.
245 1 0 _aالتكاثر فى الثدييات :
_b1-الخلايا التناسلية و الاخصاب /
_cاوستن ، س. ر.
250 _aالاولى
260 _aالرياض :
_bمكتبة الملك فهد الوطنية ،
_c1997
300 _a263 ص ؛
_c24 سم
650 0 4 _aالحيوان- علم - فسيولوجيا
650 0 4 _aتكاثر الحيوان
650 0 4 _aالخصوبة
650 0 4 _aالثدييات فسيولوجيا
942 _2ddc
_cBK
999 _c7081
_d7081